Espanjan kaupunkeja kartalla - Statistics

Yleistilastot
  • Tätä visaa on pelattu 962 kertaa
  • Keskiarvotulos 8 / 15
Vastaukset kartalla
Vastauksille on annettu kartalla punavihreä väri sen mukaan, kuinka moni on saanut sen oikein.
 
Vastaustilastot
Vastaus % Oikein
Madrid
85%
Barcelona
84%
Palma de Mallorca
74%
Las Palmas
73%
Málaga
69%
Bilbao
64%
Sevilla
60%
Valencia
60%
Ceuta
48%
A Coruña
43%
Murcia
39%
Zaragoza
36%
Pamplona
35%
Mérida
31%
Valladolid
30%
Ehtoja vastaavia visoja ei löytynyt
Tulosjakauma
Jokaisen tuloksen saaneiden osuus
Persentiili vastausten määrän mukaan
Tuloshistoriasi
Et ole pelannut tätä visaa